Evaluación de centros docentes: El plan EVA
Enregistré dans:
| Auteurs principaux: | , |
|---|---|
| Format: | Livre |
| Langue: | espagnol |
| Publié: |
Madrid
Ministerio de Educación y Ciencia
1996
|
| Sujets: | |
| Tags: |
Ajouter un tag
Pas de tags, Soyez le premier à ajouter un tag!
|
MARC
| LEADER | 00000nam a2200000 a 4500 | ||
|---|---|---|---|
| 001 | UCG1782 | ||
| 003 | CL-VaPUC | ||
| 008 | 100520e19960000SP |||||||||||||||||spa|d | ||
| 020 | |a 8536927575 | ||
| 082 | 0 | 4 | |a 371.26 |b LUJ |2 21 |
| 100 | |a Luján Castro, José |e autor |9 549792 | ||
| 700 | 0 | |a Puente Azcutia, Julio |e author |9 549793 | |
| 245 | 1 | 0 | |a Evaluación de centros docentes: El plan EVA |
| 300 | |a 366 p | ||
| 942 | |c BK | ||
| 945 | |d 20100520 00:00:00 |a rbrito | ||
| 260 | |a Madrid |b Ministerio de Educación y Ciencia |c 1996 | ||
| 650 | 0 | |a Evaluación de la educación |9 237505 | |
| 583 | |a last modification |c 20100520 00:00:00 |k Rodrigo Vera | ||
| 999 | |c 341045 |d 341043 | ||
| 952 | |0 0 |1 0 |4 0 |6 371_260000000000000_LUJ_1996 |7 0 |8 A |9 436262 |a BIBEDU |b BIBEDU |d 2019-11-22 |i 4676793 |o 371.26 LUJ 1996 |p 4676793 |r 2019-11-22 |w 2019-11-22 |y BK |k EBA | ||